Contemporary politics in the Middle East / (Record no. 25502)

MARC details
000 -LEADER
fixed length control field 01070cam a2200301 i 4500
001 - CONTROL NUMBER
control field 17128895
003 - CONTROL NUMBER IDENTIFIER
control field EG-ScBUE
005 - DATE AND TIME OF LATEST TRANSACTION
control field 20240522084124.0
008 - FIXED-LENGTH DATA ELEMENTS--GENERAL INFORMATION
fixed length control field 120120s2011 enka f b 001 0 eng d
020 ## - INTERNATIONAL STANDARD BOOK NUMBER
International Standard Book Number 9780745652313
040 ## - CATALOGING SOURCE
Original cataloging agency DLC
Language of cataloging eng
Description conventions rda
Transcribing agency DLC
Modifying agency DLC
-- EG-ScBUE
043 ## - GEOGRAPHIC AREA CODE
Geographic area code aw-----
082 04 - DEWEY DECIMAL CLASSIFICATION NUMBER
Edition number 22
Classification number 956.05
Item number MIL
100 1# - MAIN ENTRY--PERSONAL NAME
Personal name Milton-Edwards, Beverley,
Relator term author.
9 (RLIN) 15969
245 10 - TITLE STATEMENT
Title Contemporary politics in the Middle East /
Statement of responsibility, etc Beverley Milton-Edwards.
250 ## - EDITION STATEMENT
Edition statement Third edition,
Remainder of edition statement fully revised and updated.
264 #1 - PUBLICATION, DISTRIBUTION, ETC. (IMPRINT)
Place of publication, distribution, etc Cambridge ;
-- Malden :
Name of publisher, distributor, etc Polity Press,
Date of publication, distribution, etc 2011.
300 ## - PHYSICAL DESCRIPTION
Extent xi, 340 pages :
Other physical details illustrations ;
Dimensions 25 cm
336 ## - CONTENT TYPE
Source rdacontent
Content type term text
Content type code txt
337 ## - MEDIA TYPE
Media type term unmediated
Source rdamedia
Media type code n
338 ## - CARRIER TYPE
Carrier type term volume
Carrier type code nc
Source rdacarrier
504 ## - BIBLIOGRAPHY, ETC. NOTE
Bibliography, etc Includes bibliographical references and index.
651 #7 - SUBJECT ADDED ENTRY--GEOGRAPHIC NAME
Geographic name Middle East
General subdivision Politics and government
Chronological subdivision 20th century.
Source of heading or term BUEsh
9 (RLIN) 32076
651 #7 - SUBJECT ADDED ENTRY--GEOGRAPHIC NAME
Geographic name Middle East
General subdivision Politics and government
Chronological subdivision 21st century.
Source of heading or term BUEsh
9 (RLIN) 22790
653 ## - INDEX TERM--UNCONTROLLED
Resource For college BAEPS, Political Science
Arrived date list October2017
655 ## - INDEX TERM--GENRE/FORM
Form subdivision Text book
9 (RLIN) 33728
942 ## - ADDED ENTRY ELEMENTS (KOHA)
Source of classification or shelving scheme Dewey Decimal Classification
Koha item type Book - Borrowing
Holdings
Withdrawn status Lost status Source of classification or shelving scheme Damaged status Not for loan Collection code Home library Current library Shelving location Date acquired Source of acquisition Cost, normal purchase price Total Checkouts Full call number Barcode Date last seen Koha item type Total Renewals Date checked out
    Dewey Decimal Classification     Baccah Central Library Central Library Second Floor 24/10/2017 Purchase 500.00   956.05 MIL 000042211 15/07/2025 NB - Book (Non borrowing)    
    Dewey Decimal Classification     Baccah Central Library Central Library Second Floor 24/10/2017 Purchase 500.00   956.05 MIL 000042212 15/07/2025 NB - Book (Non borrowing)    
    Dewey Decimal Classification     Baccah Central Library Central Library Second Floor 24/10/2017 Purchase 500.00 2 956.05 MIL 000042213 15/07/2025 Book - Borrowing 12 21/10/2020
    Dewey Decimal Classification     Baccah Central Library Central Library Second Floor 24/10/2017 Purchase 500.00   956.05 MIL 000042214 15/07/2025 Book - Borrowing    
    Dewey Decimal Classification     Baccah Central Library Central Library Second Floor 24/10/2017 Purchase 500.00   956.05 MIL 000042215 15/07/2025 Book - Borrowing